Answers Contain "Chick" 🐣 - Statistics

General Stats
  • This quiz has been taken 156 times
  • The average score is 8 of 12
Answer Stats
Hint Answer % Correct
Also known as a garbanzo bean chickpea
98%
Highly contagious disease also known as varicella chickenpox
93%
Story about a chicken that thinks the sky is falling Chicken Little
90%
Film genre catered specifically to women's interests chick flick
90%
Largest American fast food chain specializing in chicken sandwiches Chick-fil-A
74%
2000 movie that is the highest-grossing stop motion film of all time Chicken Run
67%
The world's second-largest fast food chain (after McDonald's) Kentucky Fried Chicken
66%
Country band that was ashamed of Bush being from Texas Dixie Chicks
58%
2004 critically-panned comedy starring Marlon and Shawn Wayans White Chicks
54%
Animated stop motion sketch comedy show created by Seth Green Robot Chicken
31%
2002 critically-panned comedy starring Rob Schneider The Hot Chick
20%
American jazz pianist (1941–2021) Chick Corea
16%
No matching quizzes found
Score Distribution
Percent of People with Each Score
Percentile by Number Answered
Your Score History
You have not taken this quiz